000 01447cam a22002174a 4500
005 20250605164142.0
008 250528s ||||||||||||||||||||||||d
035 _a19026
020 _a393056146
040 _aGR-AtMCL
_bgre
_dGR-AtMCL
_eAACR2
245 1 _aEconomics of the Environment / Selected Readings
250 _a2nd
260 _bW.W. Norton & Company,
_c1972
300 _a496
520 _aThis volume provides a well-rounded set of tools for understanding and analyzing environmental problems, in the words of leading authorities. Preface, Introduction, An Overview, Analysis of Environmental Pollution, Federal Standards and Enforcement, Economic Analysis, Externalities and Information and Alternative Collective Action, The Problem of Social Cost, The Property Interface, Policies for Environmental Protection, Standards and Charges and Equity, Property Rights and Amenity Rights, A Public-Decision Model Applied to a Local Pollution Problem, The Convergence of Environmental Disruption, The Dynamics of Resource Use: Long-Run Considerations, The Environmental Costs of Economic Growth, The Structure of the World Models, Measuring Costs and Benefits, Criteria for Social Investment, Air Pollution and Human Health, Measure of Economic Welfare, Further Readings on Economics of the Environment.
700 1 _aDorfman Nancy S
_95303
700 1 _aDorfman Robert
_95304
942 _cBK
999 _c4313
_d4313